000
00508nam a2200169Ia 4500
008
090711s9999 xx 000 0 und d
082
_b
79457
100
_a
घाणेकर मधुसूदन
245
_a
विवाह सौख्य
260
_c
1996
300
_a
94
600
_a
घाणेकर मधुसूदन
630
_a
विवाह सौख्य
700
_a
घाणेकर मधुसूदन
730
_a
विवाह सौख्य
942
_c
BOOK
999
_c
312140
_d
312140